Państwa Europy według powierzchni - Quiz na mapie - Statystyki

Ogólne statystyki
  • Ten quiz został rozwiązany 99 razy
  • Średni wynik to 30 z 45
Odpowiedzi na mapie
Odpowiedzi zakodowano w zielono-czerwonej skali na mapie do tego quizu, zgodnie z poniższymi procentami.
 
Statystyki odpowiedzi
Odpowiedź % Poprawnych
Watykan
81%
Andora
79%
Luksemburg
79%
Belgia
75%
Malta
75%
Dania
74%
San Marino
74%
Słowacja
74%
Austria
72%
Litwa
72%
Czechy
71%
Estonia
71%
Kosowo
71%
Monako
71%
Szwajcaria
71%
Holandia
69%
Irlandia
69%
Portugalia
69%
Słowenia
69%
Łotwa
68%
Mołdawia
68%
Polska
68%
Chorwacja
66%
Liechtenstein
66%
Niemcy
66%
Albania
65%
Grecja
65%
Norwegia
65%
Rosja
65%
Szwecja
65%
Ukraina
65%
Hiszpania
63%
Macedonia Północna
63%
Węgry
63%
Włochy
63%
Białoruś
62%
Finlandia
62%
Francja
62%
Islandia
62%
Rumunia
62%
Wielka Brytania
62%
Czarnogóra
60%
Bułgaria
59%
Serbia
57%
Bośnia i Hercegowina
54%
Nie znaleziono quizów pasujących do podanych kryteriów
Rozkład punktacji
Procent ludzi z każdym wynikiem
Percentyl według liczby udzielonych odpowiedzi
Twoja historia wyników
Nie rozwiązałeś tego quizu